| 000 | 00653nam a22002537a 4500 | ||
|---|---|---|---|
| 003 | UA-OsUOA | ||
| 001 | 21248 | ||
| 007 | ta | ||
| 008 | 20031125b un ||||| |||| 00| 0 ukr d | ||
| 100 | _aШимонович Йоанікій | ||
| 090 |
_a330.8(477) _bШ61 |
||
| 942 | _cBK | ||
| 040 |
_aUA-OsUOA _bukr _cUA-OsUOA _dUA-OsUOA |
||
| 245 |
_aЕкономічна україніка _bНаукові праці |
||
| 300 | _a432 с. | ||
| 955 | _a0 | ||
| 041 | _aukr | ||
| 080 | _a330.8(477) | ||
| 020 | _a966-613-057-2 | ||
| 260 |
_aЛьвів _bЛНУ ім. Івана Франка _c2001 |
||
| 044 | _aUA | ||
| 650 | 7 | _2UDC | |
| 999 |
_c307441 _d307441 |
||